| 000 | 01606cam a2200385 i 4500 | ||
|---|---|---|---|
| 999 |
_c11203 _d11203 |
||
| 001 | 19158774 | ||
| 003 | GZU | ||
| 005 | 20240403123520.0 | ||
| 008 | 160630s2014 moua b 001 0 eng | ||
| 010 | _a 2016427580 | ||
| 020 | _a9780323241731 | ||
| 020 | _a0323241735 | ||
| 022 | _aNo number | ||
| 040 |
_aDLC _beng _erda _cDLC _dDLC |
||
| 042 | _apcc | ||
| 050 | 0 | 0 |
_aRT98 _bSTA 2014 |
| 082 | 0 | 0 |
_a610.73/43 _223 |
| 245 | 0 | 0 |
_aPublic health nursing: _bpopulation-centered health care in the community/ _c[edited by] Marcia Stanhope, RN, DSN, FAAN, Endowed Professor and Good Samaritan Chair Holder, Community Health Nursing, University of Kentucky, Lexington, Kentucky, Jeanette Lancaster, RN, PhD, FAAN, Medical Center Professor, School of Nursing, University of Virginia, Charlottesville, Virginia. |
| 250 | _aEighth edition, revised reprint. | ||
| 260 |
_aMaryland Heights, Missouri: _bElsevier Mosby, _c[2014] |
||
| 300 |
_axxxi, 1095 pages: _billustrations (color) ; _c28cm |
||
| 336 |
_atext _btxt _2rdacontent |
||
| 337 |
_aunmediated _bn _2rdamedia |
||
| 338 |
_avolume _bnc _2rdacarrier |
||
| 500 | _a"Now updated with QSEN appendix". | ||
| 504 | _aIncludes bibliographical references and index. | ||
| 505 | _tPublic health nursing | ||
| 520 | _aPopulation centred health care | ||
| 650 | 0 | _aCommunity health nursing. | |
| 700 | 1 |
_aStanhope, Marcia, _eeditor. |
|
| 700 | 1 |
_aLancaster, Jeanette, _eeditor. |
|
| 906 |
_a7 _bcbc _corigcop _d2 _encip _f20 _gy-gencatlg |
||
| 942 |
_2lcc _cBK _eEighth edition _h98 _iSTA _kRT |
||